00549nam a2200205Ia 450000500170000000800410001704000190005804100120007708200150008910000220010424500290012626000270015530000160018244000270019850400350022565000180026065100240027870000310030285000100033320230607135509.0131103s9999 xx 000 0 und d aLoreto College aEnglish a808.3bLUK aLichtheim, George aLukaescGeorge Lichtheim aFontanabCollinsc1970 a[8],141 p.  aFontana modern masters aIncludes bibliographical notes aLiterature -  aRhetoric - Drama -  aKermode, Frank, series ed. aLCLIB